5 Biggest Cities in Washington - Statistics

General Stats
  • This quiz has been taken 21 times
  • The average score is 4 of 5
Answer Stats
Rank City % Correct
1 Seattle
100%
2 Spokane
85%
3 Tacoma
75%
4 Vancouver
60%
5 Bellevue
35%
No matching quizzes found
Score Distribution
Percent of People with Each Score
Percentile by Number Answered
Your Score History
You have not taken this quiz